000 00375nam a2200145Ia 4500
008 231129s2009||||xx |||||||||||||| ||spa||
020 _a84-9892-219-4
040 _bspa
082 _a330.122 H684e
100 _aHobsbawm Eric
245 0 _aLa era del capital 1848-1875
260 _c2009
264 _aCrí­tica
942 _2ddc
_cBKS
999 _c16993
_d16993